Normal view
MARC view
Entry Topical Term
001 - CONTROL NUMBER
- control field: 6378
003 - CONTROL NUMBER IDENTIFIER
- control field: OSt
005 - DATE AND TIME OF LATEST TRANSACTION
- control field: 20190620064648.0
008 - FIXED-LENGTH DATA ELEMENTS
- fixed length control field: 190620|| aca||aabn | a|a d
040 ## - CATALOGING SOURCE
- Original cataloging agency: OSt
- Transcribing agency: OSt
150 ## - HEADING--TOPICAL TERM
- Topical term or geographic name entry element: Defense industries -- India.
670 ## - SOURCE DATA FOUND
- Source citation: Work cat.: (OSt)509630: Jena, Rajesh Kumar 5712, Self-reliance in defence manufacturing with focus on make-in India, 2019
